Информационная инфраструктура организации; Современные технологии принятия решений в цифровой экономике

Bibliografski detalji
Parent link:Современные технологии принятия решений в цифровой экономике.— 2018.— [С. 261-263]
Glavni autor: Пранкевич Д. А.
Autor kompanije: Национальный исследовательский Томский политехнический университет (ТПУ) Юргинский технологический институт (филиал) (ЮТИ) Отделение цифровых технологий (ОЦТ)
Daljnji autori: Разумников С. В. Сергей Викторович (научный руководитель)
Sažetak:Заглавие с титульного экрана
В последнее время главную роль для предприятия играет результативное применение имеющихся у нее информационных ресурсов. В данном случае ключевую значимость приобретает информационная инфраструктура организации. В информационной инфраструктуре, как правило, акцентируют внимание на техническом, программном и организационном программном обеспечение.
Jezik:ruski
Izdano: 2018
Serija:Математические модели и программное обеспечение поддержки принятия решений в экономике и управлении
Teme:
Online pristup:http://earchive.tpu.ru/handle/11683/52009
Format: Elektronički Poglavlje knjige
KOHA link:https://koha.lib.tpu.ru/cgi-bin/koha/opac-detail.pl?biblionumber=628657

MARC

LEADER 00000naa2a2200000 4500
001 628657
005 20231101133525.0
035 |a (RuTPU)RU\TPU\conf\28921 
035 |a RU\TPU\conf\28918 
090 |a 628657 
100 |a 20181204d2018 k y0rusy50 ca 
101 0 |a rus 
102 |a RU 
105 |a y z 101zy 
135 |a drgn ---uucaa 
181 0 |a i  
182 0 |a b 
200 1 |a Информационная инфраструктура организации  |f Д. А. Пранкевич  |g науч. рук. С. В. Разумников 
203 |a Текст  |c электронный 
225 1 |a Математические модели и программное обеспечение поддержки принятия решений в экономике и управлении 
230 |a 1 компьютерный файл (pdf; 160 Kb) 
300 |a Заглавие с титульного экрана 
320 |a [Библиогр.: с. 263 (1 назв.)] 
330 |a В последнее время главную роль для предприятия играет результативное применение имеющихся у нее информационных ресурсов. В данном случае ключевую значимость приобретает информационная инфраструктура организации. В информационной инфраструктуре, как правило, акцентируют внимание на техническом, программном и организационном программном обеспечение. 
463 1 |0 (RuTPU)RU\TPU\conf\28689  |t Современные технологии принятия решений в цифровой экономике  |o сборник трудов Всероссийской научно-практической конференции студентов, аспирантов и молодых ученых, 15-17 ноября 2018 г., г. Юрга  |f Национальный исследовательский Томский политехнический университет (ТПУ), Юргинский технологический институт (ЮТИ) ; под ред. А. А. Захаровой, Е. В. Телипенко, Е. В. Молниной  |v [С. 261-263]  |d 2018 
610 1 |a труды учёных ТПУ 
610 1 |a электронный ресурс 
610 1 |a информационная инфраструктура 
610 1 |a организации 
610 1 |a информационные ресурсы 
610 1 |a программное обеспечение 
610 1 |a техническое обеспечение 
700 1 |a Пранкевич  |b Д. А. 
702 1 |a Разумников  |b С. В.  |c специалист в области информатики и вычислительной техники  |c ассистент Юргинского технологического института (филиала) Томского политехнического университета  |f 1988-  |g Сергей Викторович  |2 stltpush  |4 727 
712 0 2 |a Национальный исследовательский Томский политехнический университет (ТПУ)  |b Юргинский технологический институт (филиал) (ЮТИ)  |b Отделение цифровых технологий (ОЦТ)  |h 8375  |2 stltpush  |3 (RuTPU)RU\TPU\col\24718 
801 2 |a RU  |b 63413507  |c 20181206  |g RCR 
856 4 |u http://earchive.tpu.ru/handle/11683/52009 
942 |c BK